000
00313nam a22001337a 4500
008
180730b xxu||||| |||| 00| 0 eng d
082
_a
813.52
245
_a
Comprehensive Medical Assisting
_c
Kronenberger,J
260
_c
2009
300
_a
1
_f
CD
440
_x
9780781770606
760
_b
3rd
942
_2
ddc
_c
MX
999
_c
46675
_d
46675